Labour markets in an era of adjustment (Record no. 80570)
[ view plain ]
| 000 -LEADER | |
|---|---|
| fixed length control field | 01343nam a2200265 a 4500 |
| 008 - FIXED-LENGTH DATA ELEMENTS--GENERAL INFORMATION | |
| fixed length control field | 120416s1994 ||||||||||||||||| || u |
| 020 ## - INTERNATIONAL STANDARD BOOK NUMBER | |
| International Standard Book Number | 0821326813 |
| 050 ## - LIBRARY OF CONGRESS CALL NUMBER | |
| Classification number | HD 5852 Lab |
| 100 ## - MAIN ENTRY--PERSONAL NAME | |
| Personal name | Horton, Susan |
| 245 10 - TITLE STATEMENT | |
| Title | Labour markets in an era of adjustment |
| Statement of responsibility, etc. | edited by Susan Horton, Ravi Kanbur and Dipak Mazumdar |
| 260 ## - PUBLICATION, DISTRIBUTION, ETC. | |
| Place of publication, distribution, etc. | Washington, D.C. |
| Name of publisher, distributor, etc. | World Bank |
| Date of publication, distribution, etc. | 1994 |
| 300 ## - PHYSICAL DESCRIPTION | |
| Extent | 2 vols. : ill |
| 350 ## - | |
| -- | 0.00 |
| 650 ## - SUBJECT ADDED ENTRY--TOPICAL TERM | |
| Topical term or geographic name entry element | LABOUR MARKET |
| 650 ## - SUBJECT ADDED ENTRY--TOPICAL TERM | |
| Topical term or geographic name entry element | STRUCTURAL ADJUSTMENT (ECONOMIC POLICY)--DEVELOPING COUNTRIES |
| 650 ## - SUBJECT ADDED ENTRY--TOPICAL TERM | |
| Topical term or geographic name entry element | LABOUR MARKETS--DEVELOPING COUNTRIES |
| 650 ## - SUBJECT ADDED ENTRY--TOPICAL TERM | |
| Topical term or geographic name entry element | LABOUR |
| 700 ## - ADDED ENTRY--PERSONAL NAME | |
| Personal name | Mazumdar, Dipak |
| 700 ## - ADDED ENTRY--PERSONAL NAME | |
| Personal name | Kanbur, S. M. Ravi |
| 710 ## - ADDED ENTRY--CORPORATE NAME | |
| Corporate name or jurisdiction name as entry element | World Bank |
| 995 ## - | |
| -- | MAIN LIBRARY OPEN ACCESS |
| -- | 0.00 |
| -- | 727712 |
| -- | CBU-MAIN LIBRARY (Kitwe) |
| -- | 1 |
| -- | 0.00 |
| -- | HD 5852 Lab |
| -- | 1 |
| -- | AVAILABLE |
| -- | 025739 |
| -- | Main Library Open Access Collection |
| 995 ## - | |
| -- | SPECIAL COLLECTIONS |
| -- | 0.00 |
| -- | 026590 |
| -- | CBU-MAIN LIBRARY (Kitwe) |
| -- | 1 |
| -- | 0.00 |
| -- | IBRD(06)DS/1994/2 |
| -- | 3 |
| -- | AVAILABLE |
| -- | Aug 2, 2007 |
| -- | 026590 |
| -- | International Publications |
| 995 ## - | |
| -- | MAIN LIBRARY OPEN ACCESS |
| -- | 0.00 |
| -- | 727714 |
| -- | CBU-MAIN LIBRARY (Kitwe) |
| -- | 2 |
| -- | 0.00 |
| -- | HD 5852 Lab |
| -- | 2 |
| -- | AVAILABLE |
| -- | 025741 |
| -- | Main Library Open Access Collection |
| 995 ## - | |
| -- | SPECIAL COLLECTIONS |
| -- | 0.00 |
| -- | 026601 |
| -- | CBU-MAIN LIBRARY (Kitwe) |
| -- | 1 |
| -- | 0.00 |
| -- | IBRD(06)DS/1994/3 |
| -- | 4 |
| -- | AVAILABLE |
| -- | Aug 24, 2007 |
| -- | 026601 |
| -- | International Publications |
| 999 ## - | |
| -- | 80570 |
| -- | 80570 |
| Withdrawn status | Lost status | Source of classification or shelving scheme | Damaged status | Not for loan | Permanent Location | Current Location | Shelving location | Date acquired | Total Checkouts | Full call number | Barcode | Date last seen | Copy number | Price effective from | Koha item type |
|---|---|---|---|---|---|---|---|---|---|---|---|---|---|---|---|
| CBU-MAIN LIBRARY, KITWE. | CBU-MAIN LIBRARY, KITWE. | 06/30/2023 | HD 5852 Lab | 025739 | 06/30/2023 | 1 | 06/30/2023 | MONOGRAPH | |||||||
| CBU-MAIN LIBRARY, KITWE. | CBU-MAIN LIBRARY, KITWE. | 06/30/2023 | HD 5852 Lab | 026590 | 06/30/2023 | 2 | 06/30/2023 | SPECIAL COLLECTION | |||||||
| CBU-MAIN LIBRARY, KITWE. | CBU-MAIN LIBRARY, KITWE. | 06/30/2023 | HD 5852 Lab | 025741 | 06/30/2023 | 3 | 06/30/2023 | MONOGRAPH | |||||||
| CBU-MAIN LIBRARY, KITWE. | CBU-MAIN LIBRARY, KITWE. | 06/30/2023 | HD 5852 Lab | 026601 | 06/30/2023 | 4 | 06/30/2023 | SPECIAL COLLECTION |